Las ciencias sociales en la educación elemental

Saved in:
Bibliografiske detaljer
Hovedforfatter: Jarolimek, John (Author)
Format: Bog
Sprog:spansk
Udgivet: Ciudad de México Pax-México 1964
Serier:Colección Ciencias del Hombre
Fag:
Tags: Tilføj Tag
Ingen Tags, Vær først til at tagge denne postø!

MARC

LEADER 00000nam a2200000 a 4500
001 UCZ6837
003 CL-VaPUC
008 951215e19640000MX |||||||||||||||||spa|d
082 0 4 |a 372.83  |b JAR  |2 21 
100 |a Jarolimek, John  |e author  |9 351381 
245 1 4 |a Las ciencias sociales en la educación elemental 
300 |a 486 p 
942 |c BK 
945 |d 19951215 00:00:00  |a lriquelm 
260 |a Ciudad de México  |b Pax-México  |c 1964 
650 0 |a Ciencias sociales   |9 256351 
650 0 |a Enseñanza de las ciencias sociales  |9 337823 
650 0 |a Planificación de la educación   |9 307333 
650 0 |a Educación básica   |9 224933 
650 7 |a MATERIAL Y EQUIPO DIDACTICOS  |2 CL-VaPUC  |9 309109 
650 0 |a Educación cívica  |9 314665 
583 |a last modification  |c 20180328 10:20:35  |k Rodrigo Vera 
490 0 |a Colección Ciencias del Hombre 
999 |c 242994  |d 242992 
952 |0 0  |1 0  |4 0  |6 372_830000000000000_JAR_1964  |7 0  |8 P  |9 256343  |a BIBEDU  |b BIBEDU  |c BIBEDU_PB  |d 2019-11-19  |i 1607537  |o 372.83 JAR 1964  |p 1607537  |r 2024-01-25  |w 2019-11-19  |y BK  |k EDU 
952 |0 0  |1 0  |4 0  |6 372_830000000000000_JAR_1964  |7 0  |8 P  |9 256344  |a BIBDER  |b BIBDER  |d 2019-11-19  |i 1862081  |o 372.83 JAR 1964  |p 1862081  |r 2023-01-25  |w 2019-11-19  |y BK  |k DER